000 00298nam a22001337a 4500
008 170831b xxu||||| |||| 00| 0 eng d
020 _a9780312433925
041 _aeng
080 _22ND
_a070
100 _a40
101 _aMED
245 _aTHE BEDFORD RESEARCHER
_cPALMQUIST,M
942 _2udc
_cBK
999 _c25858
_d25858